| 000 | 00392nam a2200145 a 4500 | ||
|---|---|---|---|
| 001 | 4768 | ||
| 003 | CDMR | ||
| 005 | 20130116135259.0 | ||
| 008 | 130130s1989||||||||||||||||||||||||||||d | ||
| 040 |
_aCDMR _bcat _cCPC GIRONA |
||
| 245 | 0 | _aHistòria i mètode crític dels textos periodístics | |
| 260 |
_c1989 _bSocietat Catalana de Comunicació |
||
| 490 | 0 |
_aPeriodística _v1 _92736 |
|
| 942 | _cMON | ||
| 999 |
_c4768 _d4768 |
||